| 000 -LEADER |
| fixed length control field |
01586nam a22001577a 4500 |
| 008 - FIXED-LENGTH DATA ELEMENTS--GENERAL INFORMATION |
| fixed length control field |
230607b ||||| |||| 00| 0 eng d |
| 100 ## - MAIN ENTRY--PERSONAL NAME |
| Personal name |
Gulati, Jivantika and Ranjan, Radha |
| 245 ## - TITLE STATEMENT |
| Title |
Cascading role of governance in ensuring judicial activism in India |
| 260 ## - PUBLICATION, DISTRIBUTION, ETC. (IMPRINT) |
| Place of publication, distribution, etc |
Bihar Journal of Public Administration |
| 300 ## - PHYSICAL DESCRIPTION |
| Extent |
19(25), Jul-Sep, 2022: p.146-156 |
| 520 ## - SUMMARY, ETC. |
| Summary, etc |
It is crucial that all three branches of government work in unison if the country is to advance. But the situation today is worrying. The legislature and the executive either struggle to carry out their responsibilities with the utmost earnestness or try to dodge them. Therefore, the judiciary, the third organ, is the only one left to use judicial activism to address the complaints of the public. There has been activist approach by the judiciary especially for the disadvantaged or downtrodden sections of the society. It has delivered justice to the people keeping in its mind the limitations mentioned in our Indian Constitution. On the other hand, the judges may have crossed the line and forgotten what was acceptable. According to Montesquieu’s “separation of powers” philosophy, there should be no crossing of boundaries. However, the judicial inventiveness that hasn’t been focused on and used by the other machinery is what the public see and view as the judiciary overstepping the other organs. – Reproduced |
| 650 ## - SUBJECT ADDED ENTRY--TOPICAL TERM |
| Topical term or geographic name as entry element |
Judicial activism, Judiciary and Governance. |
| 9 (RLIN) |
38594 |
| 773 ## - HOST ITEM ENTRY |
| Main entry heading |
Bihar Journal of Public Administration |
| 906 ## - LOCAL DATA ELEMENT F, LDF (RLIN) |
| Subject DIP |
JUDICIAL ACTIVISM |
| 942 ## - ADDED ENTRY ELEMENTS (KOHA) |
| Item type |
Articles |